| 000 | 00998nam a2200301Ia 4500 | ||
|---|---|---|---|
| 001 | 33001 | ||
| 003 | IT-RoPAU | ||
| 008 | 130308s9999 xx 000 0 und d | ||
| 040 | _aIT-RoPAU | ||
| 040 | _cIT-RoPAU | ||
| 041 | _aITALIANO | ||
| 100 | _aRinaldo Rosario | ||
| 100 | _gCodice Aut. SPICS: 14507 | ||
| 245 | _aAppunti per un'analisi dei rapporti fra cinema e televisione in Italia | ||
| 245 | _bAi Confini della Serialita' | ||
| 250 | _a1a ed. | ||
| 260 | _aITALIA | ||
| 260 | _bSocieta' Editrice Napoletana | ||
| 260 | _c1984 [1° Ed.:1984 - Ed.Ling.Originale:1980] | ||
| 300 | _a"19 p. (prefazione: no ; testo: 19 [pagine: 139-157])" | ||
| 500 | _aStrategia del consumo e Stile produttivo imperialismo Culturale Modelli di Spettacolo Genere commedia All'Italiana e Televisione Attore Cinema della Televisione | ||
| 650 | _aSOCIOLOGIA DELLA COMUNICAZIONE SOCIALE | ||
| 650 | _eCodice materia Spics: 3806 | ||
| 942 | _cBK | ||
| 957 | _71 | ||
| 999 |
_c44189 _d44189 |
||
| 999 | _bSI | ||
| 999 | _g1 | ||